Marathi Poetry 1975-2000/ (Record no. 216583)

MARC details
000 -LEADER
fixed length control field 00654nam a22001937a 4500
005 - DATE AND TIME OF LATEST TRANSACTION
control field 20260609160531.0
010 ## - LCCN (DPL NO)
LC control number ENG-148773
020 ## - INTERNATIONAL STANDARD BOOK NUMBER
International Standard Book Number 9788126041589
Terms of availability 180.00
035 ## - SYSTEM CONTROL NUMBER
System control number EN-132305
037 ## - SOURCE OF ACQUISITION
Source of stock number/acquisition DBAD
082 ## - DEWEY DECIMAL CLASSIFICATION NUMBER
Edition number 1
Classification number 881
245 ## - TITLE STATEMENT
Title Marathi Poetry 1975-2000/
Statement of responsibility, etc Compiled and Translated By Santosh Bhoomkar
250 ## - EDITION STATEMENT
Edition statement 1
260 ## - PUBLICATION, DISTRIBUTION, ETC. (IMPRINT)
Place of publication, distribution, etc New Delhi
Name of publisher, distributor, etc Sahitya Akademi
Date of publication, distribution, etc 2013
270 ## - ADDRESS
Address Rabindra Bhavan, 35, Ferozeshah Road
City New Delhi
Postal code 110001
Telephone number 01123386626/27/28
Electronic mail address Secretary@sahitya-akademi.gov.in
300 ## - PHYSICAL DESCRIPTION
Extent 185p.
Dimensions 21cm(Pb)
700 ## - ADDED ENTRY--PERSONAL NAME
Personal name Bhoomkar, Santosh
Relator term Translator and Compilor
9 (RLIN) 89347
942 ## - ADDED ENTRY ELEMENTS (KOHA)
Source of classification or shelving scheme Dewey Decimal Classification
Item type English Books
Call number suffix MAR
Classification part 881
Holdings
Withdrawn status Lost status Not for loan Collection code Home library Current library Date acquired Source of acquisition Cost, normal purchase price Full call number Barcode Copy number Cost, replacement price Koha item type
    Not For Loan Non-fiction D.B.Act.Division D.B.Act.Division 09/06/2026 Delivery of Books Act Division 180.00 MAR 881 EN-132305 1 180.00 English Books

© Delhi Public Library
Hit Counter
free hit counter